zpět

Detail výsledku týmu

U Vemenáče, Kamenný Přívoz

Datum a čas kvízu

15.5 Celkem bodů Celkový počet nahraných bodů na tomto kvízu bez doplňovacích otázek.
3. Pořadí na kvízu Konečné umístění týmu na tomto kvízu.

Zaznamenané odpovědi

# Otázka Odpověď Body Výsledky
1. Který český politik během svéh... Petr Pavel 1
2. Ve čtvrtek krátce po půlnoci s... Artemis II 0
3. Jedna česká sportovkyně se v p... Petra Kvitová 0
4. Vláda kterého evropského státu... Polska 1
5. Který slavný sportovec minulý... Tiger Woods 0
6. Vítězné téma facebookového hla... 1B 2D 3C 4A 1
7. Ve Formuli 1 můžeme občas zazn... A 1
8. Nejvíce velkých cen, k sezóně... A 1
9. Které křestní jméno má mladší... Ralf 0
10. Ve kterém státě se nachází záv... v Japonsku 1